000 00544nam a2200217Ia 4500
001 12435
003 GE_BSU
008 181216s||||||||xx |||||||||||||| ||und||
040 _cGE_BSU
080 _a633.11
100 _aИванов,П.К.
245 _aЯровая пшеница
245 _cРед.П.К.Енин
260 _aМосква
260 _bОгиз сельхозгиз
260 _c1948
300 _a550стр.илл.20см.
300 _eТаблицы-248
653 _aЯровая пшеница
942 _cBK
999 _c45609
_d45609